Life of Guru Nanak / (Record no. 124910)

MARC details
000 -LEADER
fixed length control field 00678nam a22002297a 4500
005 - DATE AND TIME OF LATEST TRANSACTION
control field 20170124105946.0
010 ## - LIBRARY OF CONGRESS CONTROL NUMBER
LC control number 562753
020 ## - INTERNATIONAL STANDARD BOOK NUMBER
Terms of availability 20.00
035 ## - SYSTEM CONTROL NUMBER
System control number 562753
037 ## - SOURCE OF ACQUISITION
Source of stock number/acquisition Cen Lib/Ret
040 ## - CATALOGING SOURCE
Original cataloging agency DPL
Language of cataloging EN
082 ## - DEWEY DECIMAL CLASSIFICATION NUMBER
Classification number 260.33
Item number BAL
100 ## - MAIN ENTRY--PERSONAL NAME
Personal name Bal, Sarjit Singh
9 (RLIN) 72813
245 #r - TITLE STATEMENT
Title Life of Guru Nanak /
Statement of responsibility, etc by Sarjit Singh Bal
260 ## - PUBLICATION, DISTRIBUTION, ETC. (IMPRINT)
Name of publisher, distributor, etc Publication Bureau Panjab University
Place of publication, distribution, etc Chandigarh
Date of publication, distribution, etc 1969
270 ## - ADDRESS
Address Pnjab University
City Chandigarh
300 ## - PHYSICAL DESCRIPTION
Extent iv,283p.
Dimensions 21m(Hb)
500 ## - GENERAL NOTE
General note Includes bibliographical references.
650 ## - SUBJECT ADDED ENTRY--TOPICAL TERM
Topical term or geographic name as entry element Sikhism
9 (RLIN) 3669
650 ## - SUBJECT ADDED ENTRY--TOPICAL TERM
Topical term or geographic name as entry element Nānak, Guru -- 1469-1538.
9 (RLIN) 72814
942 ## - ADDED ENTRY ELEMENTS (KOHA)
Source of classification or shelving scheme Dewey Decimal Classification
Koha item type English Books
Classification part 260.33
Call number suffix BAL
Holdings
Withdrawn status Lost status Damaged status Not for loan Home library Current library Date acquired Source of acquisition Cost, normal purchase price Total Checkouts Full call number Barcode Checked out Date last seen Date checked out Copy number Cost, replacement price Price effective from Koha item type
        Central Library Central Library 18/06/2015 Cen Lib/Ret 20.00 1 260.33 NAN 562753 06/05/2017 22/04/2017 22/04/2017 1 20.00 18/06/2015 English Books

© Delhi Public Library
Hit Counter
free hit counter